|
|
|
|
| LEADER |
00000nab#a22000007a#4500 |
| 001 |
arbauad016217 |
| 003 |
AR-BaUAD |
| 005 |
20250711111504.0 |
| 008 |
950206|||||||||###||||||b###|0###a|spa|| |
| 040 |
|
|
|a AR-BaUAD
|c AR-BaUAD
|b spa
|
| 100 |
|
|
|a Ducci, Carlo
|
| 245 |
|
|
|a R. Vivier /
|c Carlo Ducci;
|
| 300 |
0 |
|
|b fot.
|
| 500 |
|
|
|a Inagotable talento. En sus creaciones belleza y elegancia se combina con su poética y la alta calidad.
|
| 653 |
|
|
|a FRANCIA
|
| 653 |
|
|
|a MODA
|
| 653 |
|
|
|a COLORES
|
| 653 |
|
|
|a DISEÑADORES DE INDUMENTARIA
|
| 653 |
|
|
|a ACCESORIOS
|
| 653 |
|
|
|a CALZADO
|
| 653 |
|
|
|a ZAPATOS
|
| 653 |
|
|
|a INDUMENTARIA FEMENINA
|
| 653 |
|
|
|a ROGER VIVIER
|
| 653 |
|
|
|a DISEÑO DE INDUMENTARIA
|
| 653 |
|
|
|a MARCAS
|
| 773 |
0 |
|
|t VOGUE ITALIA
|g Nº541 [set. 1995] - SUPLEMENTO, p. 246-249
|
| 942 |
|
|
|c ARTI
|
| 952 |
|
|
|0 0
|1 0
|4 0
|7 0
|9 61137
|a AR-BAuAD
|b AR-BAuAD
|d 2025-07-11
|l 0
|p AAQA016217
|r 2025-07-11 11:15:04
|w 2025-07-11
|y ARTI
|
| 990 |
|
|
|a DT199
|b TD
|
| 998 |
|
|
|a AAQ
|b BIBUN76
|
| 999 |
|
|
|c 40810
|d 40810
|